[Event "Zuerich op-B 41st"]
[Site "Zuerich"]
[Date "2017.12.27"]
[Round "3"]
[White "Taras, Marian"]
[Black "Musil, Zlatko"]
[Result "1-0"]
[WhiteElo "2004"]
[BlackElo "1858"]
[PlyCount "65"]
[EventDate "2017.12.26"]
[EventType "swiss"]
[EventRounds "7"]
[EventCountry "SUI"]
[SourceTitle "CBM 182 Extra"]
[Source "ChessBase"]
[SourceDate "2018.02.23"]
[SourceVersion "1"]
[SourceVersionDate "2018.02.23"]
[SourceQuality "1"]

1. d4 Nf6 2. c4 e6 3. Nc3 b6 4. e4 d6 5. f3 Be7 6. Be3 Bb7 7. Qd2 Nbd7 8. Nh3 a5 9. d5 e5 10. Nf2 Nf8 11. g3 Ng6 12. Bg2 Nd7 13. 0-0 0-0 14. Nd3 Bc8 15. a3 Nc5 16. Nxc5 bxc5 17. b4 axb4 18. axb4 Rxa1 19. Rxa1 cxb4 20. Nb5 Bd7 21. Qxb4 Bxb5 22. cxb5 Bg5 23. Bf2 f5 24. Ra7 fxe4 25. Qxe4 Qb8 26. Qc4 Bd8 27. Ra3 Ne7 28. Bh3 g6 29. Be6+ Kg7 30. Kg2 Nf5 31. Bxf5 Rxf5 32. Qc6 e4 33. f4 1-0